Meaning and necessity: a study in semantics and modal logic

Enregistré dans:
Détails bibliographiques
Auteur principal: Carnap, Rudolf (Auteur)
Format: Livre
Langue:anglais
Publié: Chicago Phoenix Books 1958
Collection:Phoenix Books in Philosophy
Sujets:
Tags: Ajouter un tag
Pas de tags, Soyez le premier à ajouter un tag!

MARC

LEADER 00000nam a2200000 a 4500
001 UCZ4337
003 CL-VaPUC
008 951106e19580000US |||||||||||||||||eng|d
082 0 4 |a 149.94  |b CAR  |2 21 
100 0 |a Carnap, Rudolf  |e author  |9 348309 
245 1 0 |a Meaning and necessity: a study in semantics and modal logic 
300 |a 258 p 
942 |c BK 
945 |d 19951106 00:00:00  |a lriquelm 
260 |a Chicago  |b Phoenix Books  |c 1958 
650 0 |a Semántica  |9 265318 
650 0 |a Filosofía   |9 223554 
650 0 |a Lingüística  |9 265068 
650 0 |a Lógica  |9 256849 
583 |a last modification  |c 19951106 00:00:00  |k Rodrigo Vera 
490 0 |a Phoenix Books in Philosophy 
999 |c 240749  |d 240747 
952 |0 0  |1 0  |4 0  |6 149_940000000000000_CAR_1958  |7 0  |8 P  |9 252771  |a BIBEDU  |b BIBEDU  |c BIBEDU_PB  |d 2019-11-18  |i 1595687  |o 149.94 CAR 1958  |p 1595687  |r 2024-01-25  |w 2019-11-18  |y BK  |k FIL